Statistiques concernant Circuits dans Mario Kart 8 Deluxe

Cliquez ici pour prendre le quiz!

Statistiques générales

  • Ce quiz a été pris 510 fois
    (242 depuis la dernière actualisation)
  • Le résultat moyen est 29 sur 72

Statistiques - réponses

CoupeRéponse% Correct
Route Arc-en-ciel (3DS)
100%
Route Arc-en-ciel(N64)
100%
FleurCircuit Mario
81%
Circuit Mario 3
81%
OeufCircuit Yoshi
71%
Château de Bowser
70%
Circuit Mario (GBA)
70%
Route Arc-en-ciel
68%
Animal Crossing
62%
FeuilleStade Wario
59%
TriforceMine Wario
57%
Turbo doréePromenade à Paris
56%
Route Arc-en-ciel (SNES)
56%
ChampignonChampidrome
54%
CrossingParc Baby
54%
CarapacePrairie Meuh Meuh
54%
Vallée Yoshi
53%
Autoroute Toad
51%
Big Blue
51%
Club Mario
49%
Descente Givrée
47%
Promenade Toad
47%
Circuit Toad
44%
Jardin Peach
44%
Supermarché Coco
44%
Pays Fromage
43%
BananeDésert Sec Sec
42%
ÉtoileAéroport Azur
41%
CIrcuit d'Hyrule
40%
Gorge Champignon
40%
Piste aux Délices
40%
Mute City
39%
Plage Cheep Cheep
39%
Maneki-nekoTraversée de Tokyo
39%
PierreDétour à Londres
37%
Temple Thwomp
37%
Désert Toussec
36%
Route Ruban
36%
Volcan Grondant
36%
Bois Vermeil
35%
Cascades Maskass
35%
ÉclairHorloge Tic-Tac
34%
Égout Piranha
32%
ClochetteKoopapolis
32%
Manoir Trempé
32%
Plaine Donut 3
32%
Autodrome Royal
30%
Flippeur Waluigi
30%
Passage Feuillage
30%
Forêt Tropicale DK
29%
Lagon Tourbillon
29%
Métro Turbo
29%
Montagne Choco
29%
Piste Musicale
29%
HélicoSprint à Sydney
29%
SpécialeVoie Céleste
29%
Royaume Sorbet
28%
Corniche Champignon
27%
Route du dragon
27%
Lac Boo
26%
Station Glagla
25%
Arène d'Excitebike
23%
Parc Glougloop
21%
Désert Kalimari
19%
NavetEscapade New-yorkaise
19%
Cité Sorbet
16%
Jardin Volant
16%
Mont Éboulis
16%
LuneBalade Berlinoise
15%
Pays Neigeux
15%
Donjon Ninja
14%
Mont Festif
12%

Distribution des résultats

Percentile par nombre de réponses

% des personnes avec chaque résultat

Votre développement - résultats

Vous n’avez pas pris ce quiz depuis la dernière actualisation